000 00724cab a2200229 4500
001 WB3023-18
008 090401t1994 xxu||||| |||| 00| 0 eng d
035 _a(Sirsi) u71326
041 _aeng
245 _aReforms set to erase counties
260 _c1994
350 _a0
490 _aTimes
_v15 June 1994, 8(1)
520 _aBerkshire and Lancashire are likely to cease to exist under proposals from the Local Government Commission, although rural Hampshire will be preserved as a county.
650 _aCOUNTY COUNCILS
650 _aLOCAL AUTHORITIES
650 _aLOCAL GOVERNMENT COMMISSION
650 _aLOCAL GOVERNMENT RESTRUCTURE
690 _aECONOMIC AND SOCIAL
942 _n0
948 _c04/03/1997
999 _c44949
_d44949